000 00916cam a22002414a 4500
001 12722971
005 20251129164834.0
008 020328s2003 at a 001 0 eng
020 _a0534380263
020 _a9780534380267
050 0 0 _aTA405
_b.P95 2003
082 0 0 _a620.1/12
_221
100 1 _aPytel, Andrew.
245 1 0 _aMechanics of materials /
_cAndrew Pytel, Jaan Kiusalaas.
260 _aAustralia ;
_aPacific Grove, CA :
_bThomson,
_cc2003.
300 _axiv, 545 p. :
_bill. ;
_c26 cm.
650 0 _aStrength of materials.
700 1 _aKiusalaas, Jaan.
856 4 2 _3Contributor biographical information
_uhttp://www.loc.gov/catdir/enhancements/fy1514/2002023219-b.html
856 4 2 _3Publisher description
_uhttp://www.loc.gov/catdir/enhancements/fy1514/2002023219-d.html
856 4 1 _3Table of contents only
_uhttp://www.loc.gov/catdir/enhancements/fy1514/2002023219-t.html
942 _2lcc
_cBK
_n0
999 _c8466
_d8466